Statistiques concernant Villes françaises en rébus #1

Cliquez ici pour prendre le quiz!

Statistiques générales

  • Ce quiz a été pris 44 250 fois
  • Le résultat moyen est 7 sur 10

Réponses sur la Carte

Les réponses sont colorées sur une échelle allant du rouge au vert en fonction du pourcentage des utilisateurs qui les ont devinées à leur premier essai. Vous pouvez retrouver ces pourcentages ci-dessous.
 

Statistiques - réponses

RébusVille française% Correct
7Versailles
86%
5Orléans
84%
6Rennes
83%
1Cergy
79%
3Nîmes
78%
9Villeurbanne
75%
10Roubaix
71%
2Angers
68%
4Bayonne
60%
8Mulhouse
60%

Distribution des résultats

Percentile par nombre de réponses

% des personnes avec chaque résultat

Votre développement - résultats

Vous n’avez pas pris ce quiz